000 00527nam a2200205 a 4500
001 BRCA_6278
005 20190320205409.0
008 030811s1949----nyu#######---#000-0#eng-#
041 _aeng
044 _anyu
050 4 _aPZ3
_b.H373Mo 1949
100 1 _aHarding, Bertita Leonarz
_915748
245 1 0 _aMosaic in the fountain
_cBertita Harging.
260 _aNueva York
_bJ. B.
_cc1949
300 _a320 p.
_c22 cm.
500 _aK136
651 4 _aMéxico
_xVida social y costumbres
_9769
902 _aGFM
942 _2lcc
_cB
999 _c5965
_d5965